00833nam a2200217 i 4500001001000000003000900010005001700019007000300036008004100039040003000080082001900110100003700129245008800166264006800254300002800322336002700350337003400377338002800411505009900439650007700538000027375DO-SdBNP20250411115527.0ta110331e1939 dr 000 e spa d aDO-SdBNPbspacBNPHUerda 4bF438c222arda1 aFiallo, Fabio,d1866-1942eautor13aLa comisión nacionalista dominicana en Washington :b1920 - 1921 /cFabio Fiallo. aCiudad Trujillo, República Dominicana :bLa Opinión,c1939. a118 páginas ;c16 cm. 2rdacontentatextobtxt 2rdamediaasin mediaciónbn 2rdacarrieravolumenbnc aPalabras preliminares.tLa Comisión Nacionalista.--tPost - ScriptumtAnexos.--tPunto Final 4aAsesinatoxHistoriayEra de Trujillo 1920 - 1921zRepública Dominicana